The Great Vocabulary Letter Switch - Statistics

General Stats
  • This quiz has been taken 1,925 times
  • The average score is 10 of 15
Answer Stats
Question Answer % Correct
Facial hair Bread
95%
Part of the arm Below
94%
To frighten Acres
93%
Despicable Live
91%
To eat or drink (or watch Netflix) to excess Begin
90%
Of or relating to the universe Comics
90%
To boast Grab
90%
Hospital employee Runes
89%
To look intently Taser
89%
At that place; over yonder Ether
88%
Magical drink Option
88%
Underwater detection system Arson
87%
To remember Cellar
86%
Leafy vegetable Lake
86%
Touched; sensed Left
86%
Part of the hand Lamp
85%
To swallow greedily Plug
85%
Daybreak Wand
85%
An edible mollusk Calm
84%
To drive back or ward off Leper
84%
A recess or intermission Baker
83%
Ahead of schedule Layer
83%
Thin fragment Silver
83%
To unfreeze What
83%
A type of cheese Fate
82%
The land along water's edge Horse
82%
To show concern Race
82%
Poetry Sever
82%
One of the five senses State
82%
Competitor Viral
82%
A storage ledge Flesh
81%
To sign up for the armed forces Listen
81%
Member of the clergy Stripe
81%
A property available for leasing Antler
80%
A hemispherical vessel for food Blow
80%
Unit of length Chin
80%
The effort to acquire knowledge Dusty
80%
A stately home Roman
80%
A tropical fruit Among
79%
To walk with long steps Driest
79%
To bewitch March
79%
Prickle or spine North
79%
An animal that hunts for food Teardrop
79%
Least common Arrest
78%
To hold tightly Scalp
78%
In attendance Serpent
78%
A soft fabric Stain
78%
A box for shipping goods Trace
78%
Religious image Coin
77%
Liberated; released Defer
77%
Swamp; bog Harms
77%
Eager Knee
77%
Reimbursed; refunded Diaper
76%
Chair East
76%
To strike down with biblical force Emits
76%
Sovereign; majestic Glare
76%
To whip or thrash Golf
76%
Military commander Enlarge
75%
Family name Manures
75%
Upscale; hoity-toity Shop
75%
A bodily organ Earth
74%
To change Later
74%
Stabbing weapon Parse
74%
Jumped Petal
74%
A mythological sea nymph Rinse
74%
A soothing ointment Slave
74%
To talk loudly South
74%
To pursue Aches
73%
A certain addictive drug Oceanic
73%
Water conduit Shoe
73%
From the Orient Nearest
72%
Ordinary speech or writing Spore
72%
To be worthy of Timer
72%
To make amendments Diet
71%
A prize or compensation Drawer
71%
A flow of water or data Master
71%
Ooze; gunk Miles
71%
Underground missile shelter Oils
71%
A soft, delicate colour Staple
71%
Water purifier Trifle
71%
Pheasant or turkey, eg. Wolf
71%
An exhibition hall Allergy
70%
A shade of red Cartels
70%
Formerly Cone
70%
Particularly noisy Dowry
70%
Warlike Marital
70%
To capture or ensnare Parent
70%
Christmas tree decoration Silent
70%
A large ensemble of musicians Carthorse
69%
A flavorful liquid used to accompany food Cause
69%
To exact retribution Geneva
69%
Wildlife sanctuary Reverse
69%
Curtains Spread
69%
To twist or squirm in pain Wither
69%
To stay behind Airmen
68%
A state of complete undress Untidy
68%
To moisten meat with liquid while cooking Beast
67%
Sorcerer Game
67%
Cocky; superior Tarragon
67%
Strong dislike Thread
67%
Deeply moved or engrossed Trap
67%
To provide food service for React
65%
Matures; comes to fruition Sniper
65%
Balanced; unwavering Bleats
64%
Followed secretly Detail
64%
Chimney vent Fuel
64%
Referee Impure
64%
A valley Lead
64%
To anticipate Except
63%
An encounter between opposing forces Tablet
63%
A semiconscious state; a daze Nectar
62%
Worthy of respect; venerable Scared
62%
An Indo-European language Shingle
62%
To express consent Eager
61%
To mourn or grieve Mental
61%
Garbage; trash Sweat
61%
Most kind Insect
60%
An individual object Night
60%
Film preview Easter
59%
Safe from theft Rescue
59%
Freshwater fish Tutor
59%
Certain pack animals Vowels
59%
Trustworthy Alloy
58%
A geometric shape Integral
58%
A funeral song Ridge
58%
Murdered; assassinated Snail
58%
To withdraw gradually Decree
57%
To give enjoyment or satisfaction to Elapse
57%
Exposure to harm or risk Garden
57%
To fish Glean
57%
Committee; advisory group Plane
57%
A firearm Spoilt
57%
A unit of land Teacher
57%
Of or relating to sight Capitol
56%
A subdivision of a written work Notices
56%
Part of a church Piers
56%
To formulate a plan for; devise Singed
55%
Especially mean or callous Ulcer
55%
A long, thin piece of wood Broad
54%
Blood, especially when clotted Ogre
54%
A young woman or girl Medals
53%
A baroque dance in triple time Minute
53%
Leaves out Moist
53%
To step or walk on or over Trade
53%
Surgical stitch Uterus
53%
Using excessive words; talkative Observe
52%
Beneficiary Hire
51%
Far off; distant Meteor
51%
A winged celestial being Phrase
51%
Unspoken Attic
50%
Short-lived Fiber
50%
Sickness; affliction Seaside
50%
Concise or abrupt in speech Steer
50%
Understated; nuanced Bustle
49%
Of or relating to country life or people Citrus
49%
A song of praise of joy Coral
49%
To bury Inert
49%
A person connected by blood or marriage Oriental
49%
A complete loss of hope; desperation Praised
49%
A document of legal permission Silence
49%
To maim or dismember Ultimate
49%
To be in a state of anxiety or agitation West
49%
Logs of wood cut for use Rumble
48%
Summit Came
47%
Detective Hustle
47%
Brave Latvian
47%
To implore or beseech Pedal
47%
A former Roman official Treason
47%
Episodic; sequential Israel
46%
More gentle Forest
45%
To massage Naked
45%
To become denser Kitchen
44%
Serious; grave Lemons
44%
A small boat Ocean
44%
A temporary slipup or error Peals
44%
A temporary pattern of behaviour Shape
44%
Cunning; shrewd Statue
43%
The beginning or start of something Stone
43%
To accompany or guide Corset
42%
Attractiveness; appeal Laurel
42%
Erotic; arousing Unseals
40%
A broad necktie Coast
37%
An outer edge or periphery Finger
36%
A province of Ireland Result
36%
Solo musical performance Article
35%
A narrow channel between two larger bodies of water Artist
35%
Soup dish Neuter
34%
To walk heavily or tiredly Pirates
34%
A European capital city Hasten
33%
To smother or suffocate Itself
33%
Concealed or secret Vector
33%
Landscape; topography Trainer
32%
To bestow knowledge Armpit
31%
A state of intoxication or lethargy Sprout
29%
Position of the body while standing; posture Ascent
26%
A devoted fan or lover Married
22%
Tiresomely slow Outside
21%
Great happiness Toenail
21%
One's good health or physical condition Infests
20%
To speak loudly and vehemently Medical
19%
No matching quizzes found
Score Distribution
Percent of People with Each Score
Percentile by Number Answered
Your Score History
You have not taken this quiz